Nourishing noodles : (Record no. 2347)

MARC details
000 -LEADER
fixed length control field 00539cam a2200169 i 4500
008 - FIXED-LENGTH DATA ELEMENTS--GENERAL INFORMATION
fixed length control field 160122s2016 nyu 001 0 eng
020 ## - INTERNATIONAL STANDARD BOOK NUMBER
ISBN 9781631061844 (softbound)
100 1# - MAIN ENTRY--AUTHOR
Author Anca, Chris,
245 10 - TITLE STATEMENT
Title Nourishing noodles :
Remainder of title spiralize : nearly 100 plant-based recipes for zoodles, ribbons, and vegetable spirals /
Statement of responsibility, etc Chris Anca.
260 ## - PUBLICATION, DISTRIBUTION, ETC. (IMPRINT)
Place of publication New York
Name of publisher Race Point
Date of publication 2016
300 ## - COLLATION
Pagination xiii, 162 pages ;
500 ## - GENERAL NOTE
General note Includes index.
650 #0 - TRACINGS
Main Subject Cooking (Vegetables)
942 ## - ADDED ENTRY ELEMENTS (KOHA)
Item type Books
050 00 - LIBRARY OF CONGRESS CALL NUMBER
Classification number TX801
Item number .A67 2016
082 00 - DEWEY DECIMAL CLASSIFICATION NUMBER
Classification number 641.6/5
Holdings
Source of classification or shelving scheme Not for loan Permanent location Current location Date acquired Accession No. Full call number Barcode. Koha item type
Library of Congress Classification   Medical Library Medical Library 03/14/2025 2024/63999 TX801.A67 2025-0616 Books